[Event "ROU-chT 1st League 2019"]
[Site "Mamaia"]
[Date "2019.09.23"]
[Round "3.2"]
[White "Marin, Mihail"]
[Black "Doncea, Vladimir"]
[Result "1-0"]
[WhiteElo "2524"]
[BlackElo "2341"]
[Annotator "TA"]
[PlyCount "59"]
[EventDate "2019.09.21"]
[EventType "team-tourn"]
[EventCountry "ROU"]
[SourceTitle "playchess.com"]
[Source "ChessBase"]
[SourceQuality "1"]

{[%evp 9,80,-22,-27,-23,-18,-12,19,-86,-74,-166,-153,-169,-157,-140,-160,-192,-180,-184,-181,-418,-408,-506,-503,-1093,-962,-1112,-948,-29985,-29986,-29986,-29987,-2793,-653,-1533,-283,-280,-280,-254,-216,-236,-215,-249,-249,-535,-481,-523,-519,-490,-447,-406,0,0,0,0,164,152,226,212,249,141,118,149,248,247,248,212,216,190,214,214,214,194,189]} 1. f4 Nh6 (1... f5 2. g3 g6 3. Bg2 Bg7 4. c4 c5 5. Nc3 Nc6 6. e3 e6 7. Nge2 Nf6 8. b3 O-O 9. Bb2 b6 {1-0 (53) Vachier Lagrave,M (2779)-So,W (2754) Stavanger 2019}) 2. Nf3 d5 3. d3 Nc6 4. g3 Bg4 5. Bg2 Nf5 $146 ({Predecessor:} 5... Qd7 6. O-O Nf5 7. c3 e6 8. Qe1 h5 9. e4 dxe4 10. dxe4 {½-½ (50) Van der Eijk,M (2139)-Bosboom,M (2399) Amsterdam 2011}) 6. c3 {A02: Bird's Opening} h5 7. Qb3 Rb8 8. e4 (8. Rf1 $11) 8... dxe4 $17 9. dxe4 (9. Ng5 $17 e6 10. Bxe4) 9... Qd3 $1 $19 {[%csl LRe4,LRf3][%mdl 64] Double Attack} 10. Qd5 Nfd4 $1 11. cxd4 {Hoping for Qb3.} Bxf3 12. Bxf3 Qxf3 $40 {[%mdl 128] Black has strong attack.} 13. Rf1 Qd3 14. Nc3 $2 (14. Qb3 {was the only defense.} Qxe4+ 15. Be3) 14... Nxd4 15. Kf2 {intending Be3.} h4 16. Kg2 (16. g4 $142 Qc2+ 17. Ke3) 16... hxg3 17. hxg3 Qc2+ 18. Rf2 {[#]} Rh2+ $1 {[%mdl 576] Deflection, Decoy} 19. Kxh2 Qxf2+ 20. Kh3 e6 (20... Qf1+ $142 21. Kg4 Qf3+ 22. Kh4 Qh1+ 23. Kg4 g6) 21. Qc4 Bc5 $2 (21... Nf3 22. Be3 Qh2+ 23. Kg4 Qg2 $1 {[%mdl 512]} 24. Qb5+ c6) 22. Be3 Qxe3 23. Qxc5 Kd7 $1 24. Qh5 (24. Rd1 Rh8+ 25. Qh5 Rxh5+ 26. Kg2 Qf3+ 27. Kg1 Rh1#) 24... Rf8 ({Don't do} 24... g6 25. Qe5) 25. Qh7 g5 26. f5 $2 (26. fxg5 {is the only way for White.} Nf3 27. Kg2) 26... exf5 27. Rd1 g4+ 28. Kh4 Kc6 {( -> ...Nf3+)} 29. exf5 f6 $2 ({Better is} 29... Rd8 $19 {aiming for ...f6.} 30. Rxd4 Qe7+ 31. Kh5 Rxd4) 30. Kxg4 {Played: Qh7xc7} 1-0

[Event "ROU-chT 1st League 2019"]
[Site "Mamaia"]
[Date "2019.09.23"]
[Round "3.3"]
[White "Ciorgovean, Iustin"]
[Black "Manolache, Marius"]
[Result "0-1"]
[WhiteElo "2331"]
[BlackElo "2548"]
[Annotator "ChessBase"]
[PlyCount "108"]
[EventDate "2019.09.21"]
[EventType "team-tourn"]
[EventCountry "ROU"]
[SourceTitle "playchess.com"]
[Source "ChessBase"]
[SourceQuality "1"]
[TimeControl "40/5400+30:1800+30"]

1. d4 {[%emt 0:00:00]} d6 {[%emt 0:03:13]} 2. Nf3 {[%emt 0:00:00]} g6 {[%emt 0:00:15]} 3. c4 {[%emt 0:01:03]} Bg7 {[%emt 0:00:10]} 4. e4 {[%emt 0:00:15]} Bg4 {[%emt 0:00:34]} 5. Be2 {[%emt 0:00:40]} Nd7 {[%emt 0:00:39]} 6. O-O {[%emt 0:05:14]} e5 {[%emt 0:07:07]} 7. d5 {[%emt 0:02:32]} Ne7 {[%emt 0:02:48]} 8. Nc3 {[%emt 0:02:37]} O-O {[%emt 0:00:19]} 9. Be3 {[%emt 0:04:48]} a5 {[%emt 0:01:18]} 10. b3 {[%emt 0:10:19]} Kh8 {[%emt 0:07:06]} 11. Ne1 {[%emt 0:12:10]} Bxe2 {[%emt 0:00:10]} 12. Qxe2 {[%emt 0:00:03]} f5 {[%emt 0:07:45]} 13. f3 {[%emt 0:00:20]} b6 {[%emt 0:01:15]} 14. Nd3 {[%emt 0:03:37]} Nc5 {[%emt 0:01:07]} 15. Rab1 {[%emt 0:04:16]} Qd7 {[%emt 0:02:06]} 16. a3 {[%emt 0:02:59]} Ng8 {[%emt 0:03:58]} 17. b4 {[%emt 0:04:02]} axb4 {[%emt 0:02:09]} 18. axb4 {[%emt 0:00:11]} Nxd3 {[%emt 0:08:15]} 19. Qxd3 {[%emt 0:00:06]} Ra3 {[%emt 0:00:11]} 20. Bc1 {[%emt 0:04:37]} fxe4 {[%emt 0:04:55]} 21. fxe4 {[%emt 0:01:52]} Rxf1+ {[%emt 0:00:17]} 22. Kxf1 {[%emt 0:00:07]} Ra8 {[%emt 0:00:05]} 23. Kg1 {[%emt 0:02:06]} Nf6 {[%emt 0:00:23]} 24. Bd2 {[%emt 0:03:40]} Nh5 {[%emt 0:06:40]} 25. g3 {[%emt 0:08:42]} Nf6 {[%emt 0:05:52]} 26. Kg2 {[%emt 0:03:06]} h5 {[%emt 0:04:35]} 27. h3 {[%emt 0:02:54]} Ra3 {[%emt 0:04:05]} 28. Bc1 {[%emt 0:03:35]} Ra8 {[%emt 0:01:02]} 29. Bd2 {[%emt 0:00:12]} Kh7 {[%emt 0:01:29]} 30. Bg5 {[%emt 0:06:05]} Ra3 {[%emt 0:00:43]} 31. Bc1 {[%emt 0:00:35]} Ra8 {[%emt 0:00:32]} 32. Bg5 {[%emt 0:00:06]} Ng8 {[%emt 0:06:46]} 33. c5 {[%emt 0:00:11]} bxc5 {[%emt 0:02:25]} 34. bxc5 {[%emt 0:00:25]} dxc5 {[%emt 0:00:10]} 35. Qb5 {[%emt 0:00:40]} Qd6 {[%emt 0:01:10]} 36. Na4 {[%emt 0:00:36]} Nf6 {[%emt 0:01:13]} 37. Nxc5 {[%emt 0:00:43]} Ra2+ {[%emt 0:00:16]} 38. Kg1 {[%emt 0:03:31]} Nxd5 {[%emt 0:04:50]} 39. Qc4 {[%emt 0:02:02]} Ra5 {[%emt 0:03:38]} 40. Nb7 {[%emt 0:00:00]} Qa3 {[%emt 0:00:00]} 41. Rb3 {[%emt 0:24:48]} Qa1+ {[%emt 0:00:30]} 42. Bc1 {[%emt 0:00:14]} Ra4 {[%emt 0:01:41]} 43. Qc2 {[%emt 0:01:58]} Qd4+ {[%emt 0:04:25]} 44. Kg2 {[%emt 0:00:09]} Rc4 {[%emt 0:01:17]} 45. Qd3 {[%emt 0:01:10]} Qxe4+ {[%emt 0:07:16]} 46. Qxe4 {[%emt 0:00:04]} Rxe4 {[%emt 0:00:04]} 47. Rb5 {[%emt 0:01:46]} Re2+ {[%emt 0:01:53]} 48. Kf3 {[%emt 0:01:32]} Nc3 {[%emt 0:00:24]} 49. Rc5 {[%emt 0:01:28]} e4+ {[%emt 0:00:14]} 50. Kf4 {[%emt 0:00:32]} c6 {[%emt 0:07:49]} 51. g4 {[%emt 0:03:10]} Nd5+ {[%emt 0:02:12]} 52. Kg3 {[%emt 0:00:12]} Be5+ {[%emt 0:01:18]} 53. Kh4 {[%emt 0:00:09]} Bf6+ {[%emt 0:01:06]} 54. Kg3 {[%emt 0:01:49]} h4# {[%emt 0:00:09]} 0-1

[Event "ROU-chT 1st League 2019"]
[Site "Mamaia"]
[Date "2019.09.23"]
[Round "3.4"]
[White "Anton, Teodor"]
[Black "Barzanu, Iulian"]
[Result "1-0"]
[WhiteElo "2445"]
[BlackElo "2187"]
[Annotator "NA"]
[PlyCount "36"]
[EventDate "2019.09.21"]
[EventType "team-tourn"]
[EventCountry "ROU"]
[SourceTitle "playchess.com"]
[Source "ChessBase"]
[SourceQuality "1"]
[TimeControl "40/5400+30:1800+30"]

1. d4 {[%emt 0:00:00]} Nf6 {[%emt 0:00:30]} 2. Nf3 {[%emt 0:00:00]} g6 {[%emt 0:00:42]} 3. c4 {[%emt 0:00:05]} Bg7 {[%emt 0:00:31]} 4. g3 {[%emt 0:01:21]} c5 {[%emt 0:01:12]} 5. d5 {[%emt 0:01:39]} e6 {[%emt 0:03:17]} 6. Bg2 {[%emt 0:00:27]} exd5 {[%emt 0:00:21]} 7. cxd5 {[%emt 0:00:06]} d6 {[%emt 0:01:14]} 8. Nc3 {[%emt 0:00:25]} O-O {[%emt 0:00:21]} 9. O-O {[%emt 0:00:08]} Re8 {[%emt 0:00:38]} 10. Bf4 {[%emt 0:00:20]} a6 {[%emt 0:01:55]} 11. a4 {[%emt 0:00:12]} Bf5 {[%emt 0:03:30]} 12. Nd2 {[%emt 0:02:09]} Nh5 {[%emt 0:06:14]} 13. e4 {[%emt 0:02:34]} Nxf4 {[%emt 0:03:07]} 14. gxf4 {[%emt 0:00:07]} Bc8 {[%emt 0:05:29]} 15. Nc4 {[%emt 0:00:41]} Bh6 {[%emt 0:18:56]} 16. Qf3 {[%emt 0:04:40]} Qf6 {[%emt 0:15:25]} 17. Nb6 {[%emt 0:00:29]} Ra7 {[%emt 0:01:57]} 18. Nxc8 {[%emt 0:00:10]} Ra8 1-0

[Event "ROU-chT 1st League 2019"]
[Site "Mamaia"]
[Date "2019.09.23"]
[Round "3.5"]
[White "Prodileanu, Adrian"]
[Black "Banzea, Alexandru-Bogdan"]
[Result "0-1"]
[WhiteElo "2236"]
[BlackElo "2401"]
[Annotator "TA"]
[PlyCount "118"]
[EventDate "2019.09.21"]
[EventType "team-tourn"]
[EventCountry "ROU"]
[SourceTitle "playchess.com"]
[Source "ChessBase"]
[SourceQuality "1"]

{[%evp 21,118,15,22,0,0,-6,8,6,0,-14,0,0,7,0,0,-6,16,-14,-10,-27,-25,-18,-9,-19,-28,-34,-34,-30,-31,-49,-50,-105,-120,-120,0,-93,-82,-89,-54,-56,-54,-49,-39,-44,-67,-70,-68,-94,-65,-72,-55,-280,-68,-522,-141,-438,-443,-442,-442,-441,-438,-420,-417,-397,-288,-284,-278,-288,-288,-248,-241,-241,-241,-241,-241,-338,-288,-457,-353,-348,-280,-272,-189,-181,-167,-167,-175,-179,-179,-179,-179,-195,-167,-237,-229,-580,-562,-527,-514]} 1. c4 Nf6 2. g3 g6 3. Bg2 Bg7 4. Nf3 O-O 5. O-O d6 6. Nc3 e5 7. d3 h6 8. Rb1 a5 9. a3 c6 10. b4 axb4 11. axb4 Re8 12. Nd2 {A24: English Opening vs King's Indian: Lines without ...Nc6} (12. b5 d5 13. bxc6 bxc6 14. cxd5 Nxd5 15. Nxd5 cxd5 16. Nd2 Nc6 17. Bb2 Be6 18. e3 Qd6 19. Ra1 Reb8 {0-1 (63) Sokolov,A (2532)-Amin,B (2710) St Petersburg 2018}) 12... d5 13. Qc2 Bf8 14. b5 {The position is equal.} Be6 $146 ({Predecessor:} 14... d4 15. Na4 c5 16. Ra1 Nbd7 17. Nb3 Rb8 18. b6 Ra8 19. Bd2 Kh7 20. Rfb1 Bd6 21. Na5 {1-0 (82) Gonzalez Rodriguez,J (2375)-Betancourt,D (2230) Columbia 1988}) 15. Bb2 Nbd7 16. Ra1 Rc8 17. bxc6 bxc6 18. Na4 Qc7 19. Rfc1 d4 20. Ba3 Bxa3 21. Rxa3 Rb8 22. Rca1 Rb4 23. Rb3 Rxb3 24. Nxb3 c5 25. Qd2 {[#]} e4 $1 {[%mdl 512]} 26. Nb2 ({White should play} 26. Qa5 $15 Qxa5 27. Nxa5) (26. dxe4 Bxc4) 26... Rb8 $17 27. Ra3 Kg7 (27... Ne5 $17 28. Qf4 g5) 28. e3 (28. Bxe4 $11 {keeps the balance.} Nxe4 29. dxe4) 28... dxe3 29. Qxe3 Qe5 30. Qd2 Bf5 31. d4 Qd6 $36 {[%mdl 2048] Black has the initiative.} 32. Qc3 $1 {[#]} Rxb3 $1 {[%mdl 512]} 33. Qxb3 (33. Rxb3 cxd4) 33... cxd4 34. h3 h5 {[%mdl 1024] Black has strong compensation.} 35. Nd1 Ne5 36. Ra5 $2 {[#]} (36. Ra8 $15) 36... Be6 $2 (36... e3 $1 $19 {[%cal Re3e2][%mdl 512] ...e2 is the strong threat.} 37. Qa2 (37. fxe3 Nf3+) 37... Qb4 38. Rxe5 Qe1+ {[%mdl 64] Double Attack} 39. Kh2 exf2 {[%mdl 64] Discovered Attack} 40. Qxf2 Qxe5) 37. Bf1 $2 {[%mdl 8192]} ({Better is} 37. Qa3 $15 Qxa3 38. Rxa3) 37... e3 $2 (37... Nf3+ $19 38. Kh1 Nd2 {[%mdl 64] Double Attack}) 38. Nxe3 $2 {[%mdl 8192]} (38. Qa3 $17 Nf3+ 39. Kh1) 38... dxe3 $19 39. Qxe3 Nxc4 40. Bxc4 Qd1+ ({Not} 40... Bxc4 41. Ra1 $19) 41. Kh2 ({Much weaker is} 41. Bf1 Bc4 $19) 41... Bxc4 42. Rc5 Bd5 {[%csl Gd5][%cal Rd1h1]} 43. Rc1 {[#]} Qa4 $1 44. Qe5 Qa3 45. Qc3 Qa6 46. Re1 Ba8 47. Ra1 Qb7 {[%csl Ga8][%cal Rb7g2]} 48. Rg1 (48. f3 {only move.}) 48... Qe4 49. Qb2 (49. Qe3 {was worth a try.}) 49... Qf3 50. Qd4 Kh7 51. Qe3 {If only White now had time for Qxf3....} Qxe3 52. fxe3 g5 53. Ra1 Bd5 54. Ra5 Kg6 55. Kg1 Kf5 56. Ra4 Ke5 57. h4 (57. Ra6 $142) 57... g4 58. Rd4 $2 (58. Kh2 {is more resistant.}) 58... Ne4 59. Kh2 Nd6 {Accuracy: White = 29%, Black = 61%.} 0-1

[Event "ROU-chT 1st League 2019"]
[Site "Mamaia"]
[Date "2019.09.23"]
[Round "3.6"]
[White "Marasescu, Ioan"]
[Black "Micu, Iulian"]
[Result "0-1"]
[WhiteElo "2298"]
[BlackElo "2165"]
[Annotator "NA"]
[PlyCount "50"]
[EventDate "2019.09.21"]
[EventType "team-tourn"]
[EventCountry "ROU"]
[SourceTitle "playchess.com"]
[Source "ChessBase"]
[SourceQuality "1"]
[TimeControl "40/5400+30:1800+30"]

1. Nf3 {[%emt 0:00:00]} Nf6 {[%emt 0:00:03]} 2. c4 {[%emt 0:00:23]} g6 {[%emt 0:02:11]} 3. Nc3 {[%emt 0:01:04]} Bg7 {[%emt 0:00:18]} 4. e4 {[%emt 0:00:27]} d6 {[%emt 0:00:52]} 5. d4 {[%emt 0:00:11]} O-O {[%emt 0:00:43]} 6. Be3 {[%emt 0:04:57]} e5 {[%emt 0:08:29]} 7. dxe5 {[%emt 0:09:42]} dxe5 {[%emt 0:00:59]} 8. Qxd8 {[%emt 0:00:22]} Rxd8 {[%emt 0:00:03]} 9. Nd5 {[%emt 0:00:06]} Nxd5 {[%emt 0:01:34]} 10. cxd5 {[%emt 0:00:14]} c6 {[%emt 0:00:33]} 11. Bc4 {[%emt 0:01:03]} cxd5 {[%emt 0:13:04]} 12. Bxd5 {[%emt 0:02:25]} Nc6 {[%emt 0:00:19]} 13. O-O {[%emt 0:10:56]} Nb4 {[%emt 0:20:53]} 14. Bb3 {[%emt 0:04:02]} Nd3 {[%emt 0:01:27]} 15. Ng5 {[%emt 0:07:14]} Rd7 {[%emt 0:22:06]} 16. Nxf7 {[%emt 0:08:37]} Kf8 {[%emt 0:04:32]} 17. Ng5 {[%emt 0:06:03]} Bf6 {[%emt 0:02:42]} 18. Ne6+ {[%emt 0:08:07]} Ke7 {[%emt 0:00:51]} 19. Rfd1 {[%emt 0:19:50]} b5 {[%emt 0:11:49]} 20. Bd5 {[%emt 0:07:16]} Nxb2 {[%emt 0:01:41]} 21. Rdb1 {[%emt 0:02:05]} Rxd5 {[%emt 0:00:32]} 22. exd5 Bxe6 23. Rxb2 {[%emt 0:05:19]} e4 {[%emt 0:00:53]} 24. Rxb5 {[%emt 0:00:15]} Bxa1 {[%emt 0:00:11]} 25. Rb7+ {[%emt 0:00:09]} Bd7 {[%emt 0:00:20]} 0-1

[Event "ROU-chT 1st League 2019"]
[Site "Mamaia"]
[Date "2019.09.23"]
[Round "3.7"]
[White "Istratescu, Andrei"]
[Black "Macovei, Andrei"]
[Result "1/2-1/2"]
[WhiteElo "2556"]
[BlackElo "2426"]
[Annotator "TA"]
[PlyCount "69"]
[EventDate "2019.09.21"]
[EventType "team-tourn"]
[EventCountry "ROU"]
[SourceTitle "playchess.com"]
[Source "ChessBase"]
[SourceQuality "1"]

{[%evp 17,69,11,31,20,28,8,9,8,31,0,0,0,0,0,0,-45,-30,-51,-39,-57,-16,-41,-87,-102,-52,-33,-47,-59,-63,-35,-42,-52,-60,-72,-66,-64,-66,-66,0,-97,-103,-106,-20,-14,0,-10,0,-39,-39,-79,-68,-373,343,-89]} 1. d4 Nf6 2. c4 e6 3. Nf3 d5 4. Nc3 Bb4 5. Bg5 dxc4 6. e4 h6 7. Bxf6 Qxf6 8. Bxc4 O-O ({Predecessor:} 8... c5 9. O-O cxd4 10. e5 Qd8 11. Ne4 {½-½ (30) Iotov,V (2560)-Meier,G (2647) Herndon 2012}) 9. O-O c5 10. e5 {D39: Queen's Gambit Declined: Ragozin Defence with 5 Bg5 dxc4} Qd8 $1 11. Ne4 {[%cal Bc3e4,Be4g3,Bg3h5,Bh5f6][%mdl 32] And now a3 would win.} cxd4 12. Qe2 {The position is equal.} Be7 13. Rad1 {[%mdl 1024] White has compensation.} Qc7 {[#]} 14. Ng3 $146 (14. Bd3 Nd7 15. Rc1 Qa5 16. g4 Nxe5 17. Nxe5 Qxe5 {0-1 (38) Aronian,L (2794)-Caruana,F (2784) Berlin 2018}) 14... Rd8 15. Bd3 Nd7 16. Bb1 Nf8 17. Nh5 {[#]} d3 $1 {[%cal Rd3e2][%mdl 512]} 18. Qe4 (18. Bxd3 Bd7) 18... Bd7 19. Qg4 {[%csl Gh5][%cal Rg4g7]} g6 $1 20. Nf6+ Kg7 21. Rxd3 Bc6 22. Rc3 Bxf6 23. exf6+ Kxf6 24. Be4 Kg7 {aiming for ...f5.} 25. Bxc6 bxc6 26. Rfc1 Rd5 27. g3 Rad8 ({Better is} 27... Rc8 $15) 28. Kg2 (28. Rxc6 $11 Rd1+ 29. Kg2 Rxc1 30. Rxc7 Rxc7 31. h4) 28... R8d6 29. Qa4 {[%cal Rc3c6]} Qb7 (29... c5 $17 30. Ra3 a6) 30. Rxc6 $11 Rxc6 31. Rxc6 Nd7 32. Qa6 Qxb2 {White must now prevent ...Nb8.} 33. Qxa7 {next Rc7 is good for White.} Qe2 {Strongly threatening ...Rd3.} 34. Rc7 $2 {[%mdl 8192]} ({White should play} 34. Qa4 $15) 34... Rf5 $4 {[%mdl 8192] [#]} (34... Rd1 $19 {[%csl Gd1][%cal Re2f1] and all is fine.} 35. g4 Qf1+ 36. Kg3 Qd3 $1 {[%mdl 512]}) 35. Qd4+ $2 {Accuracy: White = 28%, Black = 61%.} ({White has to play} 35. Ng1 $1 $18 {[%cal Rg1e2]} Qd2 36. Rxd7 Rxf2+ 37. Qxf2 Qxd7 38. Nf3) 1/2-1/2

[Event "ROU-chT 1st League 2019"]
[Site "Mamaia"]
[Date "2019.09.23"]
[Round "3.8"]
[White "Schitco, Ivan"]
[Black "Aczel, Gergely"]
[Result "1/2-1/2"]
[WhiteElo "2492"]
[BlackElo "2530"]
[Annotator "TA"]
[PlyCount "178"]
[EventDate "2019.09.21"]
[EventType "team-tourn"]
[EventCountry "ROU"]
[SourceTitle "playchess.com"]
[Source "ChessBase"]
[SourceQuality "1"]

{[%evp 15,178,9,16,0,0,0,0,0,0,0,0,0,0,0,0,0,0,0,0,-27,11,8,0,0,-7,-26,-24,-21,-25,-30,-20,-24,-26,-27,-25,-29,-26,-35,0,-7,0,0,0,0,0,-17,-16,-20,-18,-18,0,0,0,-3,0,0,0,0,0,0,58,57,85,87,73,81,82,85,98,86,86,83,87,83,88,85,85,78,97,92,83,81,83,83,83,82,82,85,84,79,100,78,77,77,77,77,87,56,56,48,72,62,66,52,97,26,95,77,77,69,74,26,26,26,27,0,0,0,26,24,23,34,34,0,50,36,31,33,39,12,12,12,21,20,20,8,8,8,8,0,0,0,8,0,0,0,21,0,21,21,21,21,21,21,21,21,21,21,21,21,21,20,20,0,0]} 1. d4 Nf6 2. c4 e6 3. g3 d5 4. Bg2 Bb4+ 5. Bd2 Be7 6. Nf3 O-O 7. O-O c6 8. Qc2 b6 9. Rc1 {E11: Bogo-Indian} dxc4 $146 ({Predecessor:} 9... Bb7 10. Bg5 h6 11. Bxf6 Bxf6 12. Nbd2 Na6 13. e4 dxe4 14. Nxe4 c5 15. Nxf6+ Qxf6 16. Ng5 hxg5 17. Bxb7 {½-½ (45) Speelman,J (2493)-Graf,A (2561) Dresden 2018}) 10. Bg5 b5 11. b3 cxb3 12. axb3 Bb7 13. Nc3 h6 14. Bxf6 Bxf6 15. Rd1 Qb6 16. Ne4 Nd7 17. Nd6 Rad8 18. Nxb7 Qxb7 19. Rdc1 Rc8 20. Qa2 Rc7 21. e3 Qb6 22. Qa6 c5 {[%cal Rc5d4]} 23. Qxb6 axb6 24. Bf1 b4 25. Bb5 Rfc8 26. Rc4 Be7 27. Ra6 Nf6 28. Rxb6 Nd5 29. Ra6 Nc3 30. Ba4 cxd4 31. Rxc7 Rxc7 32. Nxd4 Bf6 33. Nb5 Rc5 34. Nd6 Be7 35. Ra8+ Kh7 36. Nc4 Rc7 37. Be8 f6 (37... Bf8 $11) 38. h4 g5 39. Bf7 gxh4 40. gxh4 e5 41. h5 Bc5 42. Bg6+ Kg7 43. Nd2 Nd5 44. Ne4 Ne7 45. Nxc5 Rxc5 $16 {[%mdl 4096] Endgame KRB-KRN} 46. Ra7 Kf8 {[#]} 47. Bd3 $1 f5 48. Rb7 e4 49. Bc4 f4 50. exf4 Rxh5 51. Rxb4 Rf5 52. Ba6 Ng6 53. Bb7 Nxf4 54. Bxe4 Rg5+ 55. Kf1 Ke7 56. Ke1 h5 57. Kd2 Ne6 58. Rb7+ Kd6 59. Rb6+ Ke7 60. Ke3 ({Better is} 60. b4 $16) 60... Rg1 (60... h4 $11 {remains equal.}) 61. Bd5 Ng7 62. Kf4 Rg4+ 63. Ke5 Rg5+ 64. Ke4 {aiming for f4.} h4 $1 65. Rb7+ Kd6 66. Rb6+ Ke7 $1 67. f4 Rg1 $1 68. Rb7+ Kd6 69. Rb6+ Kc7 70. Rh6 Re1+ 71. Kf3 Nf5 72. Rh7+ Kd6 {The position is equal.} 73. Bc4 Nd4+ $1 74. Kg2 Re3 75. Rh6+ Ke7 $1 76. Rxh4 {Rh3 is the strong threat.} Nxb3 77. Rh7+ Kf6 78. Rf7+ Kg6 79. f5+ Kg5 80. f6 Nd2 81. Rd7 {[#] And now f7 would win.} Nxc4 $11 {KRN-KR} 82. f7 Re2+ 83. Kg1 Re1+ 84. Kf2 Re5 85. f8=Q {Threatening mate with Rg7+.} Rf5+ 86. Qxf5+ $1 Kxf5 87. Rd5+ Ke4 88. Rc5 Kd4 89. Rxc4+ Kxc4 {Accuracy: White = 65%, Black = 67%.} 1/2-1/2

[Event "ROU-chT 1st League 2019"]
[Site "Mamaia"]
[Date "2019.09.23"]
[Round "3.9"]
[White "Miron, Lucian-Costin"]
[Black "Nastase, Robert-Paul"]
[Result "1-0"]
[WhiteElo "2490"]
[BlackElo "2280"]
[Annotator "TA"]
[PlyCount "99"]
[EventDate "2019.09.21"]
[EventType "team-tourn"]
[EventCountry "ROU"]
[SourceTitle "playchess.com"]
[Source "ChessBase"]
[SourceQuality "1"]

{[%evp 17,99,27,41,48,42,49,29,38,66,71,42,19,24,20,17,37,176,181,202,156,149,153,147,152,132,114,152,125,136,133,125,131,136,146,125,141,120,88,123,75,79,67,55,0,48,0,0,0,161,24,152,47,115,62,62,62,101,102,745,815,814,808,796,775,749,745,998,1016,1009,1023,1018,1005,1135,898,876,843,5289,5190,29977,29978,29978,29979,29979,29980]} 1. Nf3 Nf6 2. d4 g6 3. c4 Bg7 4. Nc3 d5 5. e3 O-O 6. cxd5 Nxd5 7. Bc4 Nb6 8. Be2 Nc6 9. O-O e5 {[%cal Re5d4]} 10. d5 $1 {[%cal Rd5c6] D94: Grünfeld: 4 Nf3 Bg7 5 e3} (10. dxe5 Nxe5 11. Qc2 c6 12. e4 Be6 13. Rd1 Qe7 14. Be3 Rfd8 15. Rxd8+ {½-½ (15) Grbic,M (2255)-Milic,D (2108) Belgrade 2017}) 10... Na5 11. e4 c6 12. Bg5 {White has an edge.} Qd7 $146 ({Predecessor:} 12... f6 13. Be3 cxd5 14. exd5 Nac4 15. Bc5 Rf7 16. b3 Nd6 17. a4 Bf8 {1-0 (32) Just,J (2146)-Herrmann,M (1659) Leipzig 2006}) 13. d6 f6 14. Be3 {And now Bxb6 would win.} Nac4 15. Bc5 $36 {[%mdl 2048] b3 is the strong threat. White has the initiative.} Rd8 16. a4 $1 {[%cal Ba2a4,Ba4a5][%mdl 32] Threatens to win with a5.} Nxd6 (16... Qf7 $1 $14) 17. a5 $1 $18 {[%cal Ra5b6]} Nbc4 18. b3 Qc7 ({Wrong is} 18... Nb2 $2 19. Qc2 $18) 19. bxc4 {Strongly threatening Qb3.} Nxe4 20. Nxe4 Rxd1 21. Rfxd1 ({Stronger than} 21. Raxd1 f5 $11) 21... Be6 22. h3 h6 23. Bd6 Qf7 24. Nc5 Bxc4 25. Bxc4 Qxc4 26. Nxb7 e4 27. Nd2 Qf7 28. Rab1 f5 29. Rdc1 Qa2 30. Rd1 ({White should play} 30. Nf1 $14) 30... Bd4 {With the idea ...e3.} 31. Bc5 Bxc5 32. Nxc5 Qxa5 $2 (32... Rd8 $1 $11 33. Ndb3 Rxd1+ 34. Rxd1 Qe2 35. Rd8+ Kf7) 33. Ndb3 (33. Nd7 $1 $18) 33... Qb5 (33... Qc3 $11) 34. Rbc1 (34. Nd7 $1 $16) 34... Qb6 {[#]} ({Better is} 34... Qb4 $14) 35. Nd4 (35. Rd7 $1 $16 {Hoping for Rcd1.} Re8 36. Rcd1) 35... Rd8 $1 $14 36. Nce6 Rc8 37. Rb1 Qa5 $2 {[%mdl 8192] [#]} (37... Qa6 $16) 38. Nxc6 $1 $18 {[%mdl 576] Deflection} Rxc6 39. Rb8+ Kf7 40. Nd8+ {[%mdl 64] Double Attack} Kf6 41. Nxc6 Qc3 42. Nb4 Kg5 43. Nd5 Qc2 44. Ne3 Qc7 45. Rb5 a6 46. Rbd5 h5 47. g3 Kh6 {[#]} 48. Nxf5+ $1 {White mates.} gxf5 49. Rd7 Qc3 {[#]} 50. h4 $1 {Accuracy: White = 67%, Black = 36%.} 1-0